LIBRARY & INFORMATION CENTRE, KCAET, TAVANUR

ONLINE PUBLIC ACCESS CATALOGUE (OPAC)

Popular fiction 100 years ago / (Record no. 3496)

MARC details
000 -LEADER
fixed length control field 00389cam a2200157ua 4500
041 0# - LANGUAGE CODE
Language code of text/sound track or separate title eng
082 ## - DEWEY DECIMAL CLASSIFICATION NUMBER
Classification number 828.09
Item number DAL/PO
100 ## - MAIN ENTRY--AUTHOR NAME
Personal name Dalziel, Margaret .
245 ## - TITLE STATEMENT
Title Popular fiction 100 years ago /
250 ## - EDITION STATEMENT
Edition statement 1 /
260 ## - PUBLICATION, DISTRIBUTION, ETC. (IMPRINT)
Place of publication London :
Name of publisher Cohen & West ,
Year of publication 1957.
300 ## - PHYSICAL DESCRIPTION
Number of Pages 188 ; .
942 ## - ADDED ENTRY ELEMENTS (KOHA)
Koha item type Books
Holdings
Withdrawn status Lost status Damaged status Home library Current library Date acquired Cost, normal purchase price Full call number Accession Number Koha item type Public note
Withdrawn     KAUAET Central Prison Tavanur 07/04/2012 20.00 828.09 DAL/PO 6857 Books Transferred to Central Prison
free website counter